| 000 | 00435nam a22001577a 4500 | ||
|---|---|---|---|
| 999 |
_c17627 _d17627 |
||
| 003 | OSt | ||
| 005 | 20221118133931.0 | ||
| 008 | 221118b ||||| |||| 00| 0 eng d | ||
| 040 | _c0 | ||
| 100 |
_aMiraflor, Madelaine B. _946823 |
||
| 245 | _aDA chief plans to revive Food Terminal functions / | ||
| 260 |
_aPhilippines: _bManila Bulletin, _cFebruary 27, 2020. |
||
| 300 | _apage B-6. | ||
| 650 |
_aBusiness. _946824 |
||
| 942 |
_2ddc _cPER |
||